000 01055nam a2200289 i 4500
001 bg
245 0 0 _aPrawo zobowiązań - część ogólna /
_cred. Ewa Łętowska ; aut. Małgorzata Bednarek [et al.].
260 _aWarszawa :
_bC. H. Beck :
_bInstytut Nauk Prawnych PAN [Polskiej Akademii Nauk],
_c2006.
300 _aXXII, 1004 s. ;
_c25 cm.
490 1 _aSystem Prawa Prywatnego ;
_vt. 5
500 _aNa grzb. nazwa naczelnego red. serii: Radwański.
504 _aBibliogr. przy rozdz. Indeks.
650 9 _aPrawo zobowiązaniowe
_zPolska
_ystan na 2006 r.
700 1 _ałĘTOWSKA, Ewa.
_eRed.
700 1 _aBEDNAREK, Małgorzata
830 _aSystem Prawa Prywatnego ;
020 _a8373874178
020 _a8373872612 (C. H. Beck)
040 _cBPK
041 0 _apol
080 _a347.4(438)
920 _a83-7387-417-8
920 _a83-7387-261-2 (C. H. Beck)
942 _cKS
008 s pl f |000 0 pol
999 _c52165
_d52165
856 _uhttp://koha.tu.koszalin.pl/cgi-bin/koha/opac-detail.pl?biblionumber=52165
_yKatalog online BPK